| 000 -ლიდერი |
| ფიქსირებული სიგრძის საკონტროლო ველი |
01555nam a22002417a 4500 |
| 003 - საკონტროლო ნომრის იდენტიფიკატორი |
| საკონტროლო ველი |
Ge_BSU |
| 005 - ბოლო ოპერაციის თარიღი და დრო |
| საკონტროლო ველი |
20250422140113.0 |
| 008 - ფიქსირებული სიგრძის მონაცემთა ელემენტები - ზოგადი ინფორმაცია |
| ფიქსირებული სიგრძის საკონტროლო ველი |
250422s2021 ge ||||| |||| 00| 0 geo d |
| 041 ## - ენის კოდი |
| Language code of text/sound track or separate title |
geo |
| 080 ## - უნივერსალური ათობითი კლასიფიკაციის ინდექსი |
| Universal Decimal Classification number |
633.5/9 : 631.5(075.8) გ-12 |
| 100 ## - მთავარი ჩანაწერი - პიროვნების სახელი |
| Personal name |
გაბრიჩიძე, ზაურ |
| 9 (RLIN) |
13010 |
| 245 ## - ცნობა სათაურის შესახებ |
| Title |
სუბტროპიკული კულტურების აგროტექნოლოგია : |
| Remainder of title |
(ფერმერთა დასახმარებლად) / |
| Statement of responsibility, etc |
ზაურ გაბრიჩიძე, იოსებ ბასილაია, რუსუდან ტაკიძე; რედ. ლ. უჯმაჯურიძე; სსიპ სოფლის მეურნეობის სამეცნიერო კვლევითი ცენტრი. |
| 264 ## - წარმოების, გამოცემის, დისტრიბუციის და სხვა ცნობები |
| გამოცემის, წარმოების, დისტრიბუციის... ადგილი |
თბილისი, |
| გამოცემის, წარმოების, დისტრიბუციის... თარიღი |
2021. |
| 300 ## - ფიზიკური აღწერა |
| Extent |
480 გვ. : |
| Other physical details |
ილ.; |
| Dimensions |
22 სმ. |
| 504 ## - BIBLIOGRAPHY, ETC. NOTE |
| Bibliography, etc |
ბიბლიოგრ. გვ. 464-473 |
| 653 ## - INDEX TERM--UNCONTROLLED |
| Uncontrolled term |
სუბტროპიკული კულტურები |
| 653 ## - INDEX TERM--UNCONTROLLED |
| Uncontrolled term |
აგროტექნოლოგია |
| 700 ## - ADDED ENTRY--PERSONAL NAME |
| Personal name |
ბასილაია, იოსებ |
| Relator term |
ავტორი |
| 9 (RLIN) |
24883 |
| 700 ## - ADDED ENTRY--PERSONAL NAME |
| Personal name |
ტაკიძე, რუსუდან |
| Relator term |
ავტორი |
| 9 (RLIN) |
24884 |
| 700 ## - ADDED ENTRY--PERSONAL NAME |
| Personal name |
უჯმაჯურიძე, ლ. |
| Relator term |
რედაქტორი |
| 9 (RLIN) |
24885 |
| 710 ## - ADDED ENTRY--CORPORATE NAME |
| Corporate name or jurisdiction name as entry element |
სსიპ სოფლის მეურნეობის სამეცნიერო კვლევითი ცენტრი. |
| 9 (RLIN) |
24886 |
| 942 ## - ADDED ENTRY ELEMENTS (KOHA) |
| Source of classification or shelving scheme |
|
| Koha item type |
წიგნი |